Disastri con più di 100 morti (Italia) - Statistics

Statistiche generali
  • Questo quiz è stato fatto 44 volte
  • Il punteggio medio è 2 su 12
Statistiche sulle risposte
Anno Regione Causa Morti/Conseguenze Disastro, Tragedia
di/del/della/nel
% Corretto
1963 Veneto e Friuli-Venezia Giulia Una frana precipita dal Monte Töc entrando nel bacino artificiale, l'acqua fuoriesce dal bacino e allaga la zona. 1.917 Vajont
98%
2013 Sicilia Incendio con conseguente naufragio di una imbarcazione sovraccarica di migranti 368 Lampedusa
41%
1991 Toscana Collisione di un traghetto contro una petroliera, provocando l'incendio 140 Moby Prince
24%
1985 Trentino-Alto Adige Instabilità dei bacini di decantazione dell'impianto di trattamento presso la miniera di fluorite di Prestavel, dovuta a plurime negligenze, imprudenze progettuali e manutentive 268 Val di Stava
17%
1923 Lombardia Cedimento strutturale della diga 356 Gleno
12%
1935 Piemonte Cedimento strutturale della diga 111 Molare / Ortiglieto / Sella Zerbino
10%
1944 Basilicata Avvelenamento da monossido di carbonio delle persone salite abusivamente su un treno merci, rimasto bloccato in galleria a causa dell'eccessivo peso 517 Balvano
5%
2015 Sicilia Ribaltamento con conseguente naufragio di una imbarcazione sovraccarica di migranti 900 Canale di Sicilia
5%
1922 Liguria Esplosione di una polveriera causata da un fulmine 150 Falconara
2%
1916 Liguria Esplosione di un vagone carico di munizioni 281 Pagliari
2%
1996 Sicilia Naufragio di una imbarcazione sovraccarica di migranti 283 Portopalo
2%
1919 Veneto incendio accidentale di benzina da parte di un fiammifero che provocò l'esplosione e affondamento del piroscafo 197 San Spiridione
2%
Nessun quiz corrispondente trovato
Distribuzione punteggi
Percentuale di utenti per punteggio
Percentile per numero di risposta
I tuoi punteggi nel tempo
Non hai fatto questo quiz